00361nam a22001337a 450000500170000000800410001704100120005808200130007010000120008324500270009526000490012230000310017165000250020220240726095651.0240726b |||||||| |||| 00| 0 eng d aEnglish a349 SUP  lEnglish aSupreme Court Reports  aCape Town: bJuta and Company Ltd, c1888-89 bxxvi, 413 pages; c25 cm.  aLegal practice bLaw